000 01023nam a22002297a 4500
003 OSt
005 20250226120043.0
008 250226s2004 ag ||||| |||| 00| 0 spa d
020 _a9875550191
040 _cbesoc
100 1 _aSchnaider, Romina,
_d1971-
_eautor
245 1 0 _aComunicación :
_bpara principiantes /
_cRomina Schnaider, Mariano Zarowsky, Kalil Llamazares
250 _a1a ed.
260 _aBuenos Aires :
_bEl Naciente,
_c2004
300 _a205 p.
490 0 _aComunicación : Ciencias Sociales
505 0 _aQué es la comunicación -- Comunicación, medios y sociedad -- Estudios de audiencias -- Economía política de la comunicación -- Tecnologías de la comunicación -- El discurso de la información -- La investigación en América Latina -- Sociedad de la información -- Disparen contra la TV -- Epílogo -- Bibliografía recomendada.-
650 4 _aComunucación
_xSociedad
700 1 _aZarowsky, Mariano
_d1977-
_eautor
700 1 _aLlamazares, Kalil
_d1971-
_eautor
942 _2udc
_cLPD
_n0
999 _c454
_d454